Μέθοδοι διδασκαλίας : ενίσχυση της μάθησης των παιδιών από το νηπιαγωγείο έως το λύκειο
Αποθηκεύτηκε σε:
| Κύριος συγγραφέας: | |
|---|---|
| Άλλοι συγγραφείς: | , , , , |
| Μορφή: | Βιβλίο |
| Γλώσσα: | Greek English |
| Δημοσίευση: |
Ζεφύρι Αττικής :
Διάδραση,
c2011.
|
| Θέματα: | |
| Ετικέτες: |
Προσθήκη ετικέτας
Δεν υπάρχουν, Καταχωρήστε ετικέτα πρώτοι!
|
MARC
| LEADER | 00000cam a2200000 i 4500 | ||
|---|---|---|---|
| 001 | 1/29552 | ||
| 008 | 130516s2011 gr | ||| |||| ||gre|| | ||
| 020 | |a 9789609541572 | ||
| 035 | |l 10114399 | ||
| 040 | |a GR-MyUa |b gre |e AACR2 | ||
| 041 | 1 | |a gre |h eng | |
| 082 | 7 | |a 371.102 |2 (22) | |
| 100 | 1 | |a Jacobsen, David |q (David A.) | |
| 245 | 1 | 0 | |a Μέθοδοι διδασκαλίας : |b ενίσχυση της μάθησης των παιδιών από το νηπιαγωγείο έως το λύκειο / |c David A. Jacobsen, Paul Eggen, Donald Kauchak ; επιστημονική επιμέλεια-εισαγωγή: Μαρία Σακελλαρίου, Μάνος Κόνσολας ; μετάφραση: Ρίτα Λαμπρέλλη. |
| 260 | |a Ζεφύρι Αττικής : |b Διάδραση, |c c2011. | ||
| 300 | |a 622 σ. ; |c 24 εκ. | ||
| 500 | |a Μετάφραση του: Methods for teaching. | ||
| 504 | |a Περιλαμβάνει βιβλιογραφικές παραπομπές. | ||
| 650 | 0 | |a Teaching |x Methodology. | |
| 650 | 0 | |a Teaching |x Methods |x Education, Elementary. | |
| 650 | 0 | |a Education |x Experimental methods. | |
| 650 | 0 | |a Teaching |x Methodology |x Case studies. | |
| 700 | 1 | |a Eggen, Paul D., |d 1940- | |
| 700 | 1 | |a Kauchak, Donald P., |d 1946- | |
| 700 | 1 | |a Κόνσολας, Μάνος Ν. |e edt | |
| 700 | 1 | |a Λαμπρέλλη, Ρίτα, |e trlf | |
| 700 | 1 | |a Σακελλαρίου, Μαρία Ι. |e edtf | |
| 852 | |a INST |b RHODES |c EUDOXUS |e 20130516 |h 371.102 JAC |p 005400035191 |q 005400035191 |t EDX |y 10 | ||
| 852 | |a INST |b RHODES |c EUDOXUS |e 20140516 |h 371.102 JAC |p 005400036476 |q 005400036476 |t EDX |y 0 | ||
| 852 | |a INST |b RHODES |c EUDOXUS |e 20140516 |h 371.102 JAC |p 005400036477 |q 005400036477 |t EDX |y 0 | ||
| 901 | |a BIBL4-2013-2 | ||
| 901 | |a BIBL4-2014-2 | ||
| 920 | |a ΕΥΔΟΞΟΣ |b ΠΑΡΑΓΓΕΛΙΑ |y Ρόδος-ΤΕΠΑΕΣ |z 2013-05 | ||
| 920 | |a ΕΥΔΟΞΟΣ |b ΠΑΡΑΓΓΕΛΙΑ |y Ρόδος-ΤΕΠΑΕΣ |z 2014-05 | ||
| 922 | |a 4ΕΛΗ | ||
| 970 | |z 2013/05/16 | ||